Asamiya bhasa sahitya aru sanskriti sanchayan (Record no. 3265)

MARC details
000 -LEADER
fixed length control field 00566cam a2200193ua 4500
001 - CONTROL NUMBER
control field 3423
005 - DATE AND TIME OF LATEST TRANSACTION
control field 20260515113657.0
008 - FIXED-LENGTH DATA ELEMENTS--GENERAL INFORMATION
fixed length control field 111111n ii |||gr||||Z||||||asm
040 ## - CATALOGING SOURCE
Transcribing agency MAIN
082 ## - DEWEY DECIMAL CLASSIFICATION NUMBER
Classification number 891.4514
100 ## - MAIN ENTRY--PERSONAL NAME
Personal name Mahanta, Bipul Kumar,
Relator term Edited.
245 11 - TITLE STATEMENT
Title Asamiya bhasa sahitya aru sanskriti sanchayan
Statement of responsibility, etc. ed. by Bipul Kumar Mahanta
250 ## - EDITION STATEMENT
Edition statement 1st.
260 ## - PUBLICATION, DISTRIBUTION, ETC.
Place of publication, distribution, etc. Guwahati:
Name of publisher, distributor, etc. Lawyers book stall,996.
300 ## - PHYSICAL DESCRIPTION
Extent 408p:
Dimensions 23cm.
653 ## - INDEX TERM--UNCONTROLLED
Uncontrolled term Assamese literature and language
653 ## - INDEX TERM--UNCONTROLLED
Uncontrolled term Assamiya bhasa sahitya aru sanskriti sanchayan
942 ## - ADDED ENTRY ELEMENTS (KOHA)
Koha item type Books
Holdings
Withdrawn status Lost status Damaged status Not for loan Home library Current library Shelving location Date acquired Total checkouts Full call number Barcode Date last seen Copy number Price effective from Koha item type
        Naharkatiya College Library Naharkatiya College Library General stacks 09/19/2020   891.4514 | ASA 10799 09/19/2020 2 09/19/2020 Books
        Naharkatiya College Library Naharkatiya College Library General stacks 09/19/2020   891.4514 | ASA 10800 09/19/2020 1 09/19/2020 Books